| 000 | 00870cam a22002655a 4500 | ||
|---|---|---|---|
| 999 |
_c27261 _d27232 |
||
| 005 | 20190321105952.0 | ||
| 008 | 180516t2019 maua frb 001 0 eng d | ||
| 010 | _a 2018944898 | ||
| 020 | _a9781337101356 | ||
| 020 | _a1337101354 | ||
| 040 |
_aDLC _beng _cDLC _dDLC _dEG-ScBUE |
||
| 082 | 0 | 4 |
_a658.404 _bSCH _222 |
| 100 | 1 | _aSchwalbe, Kathy. | |
| 245 | 1 | 0 |
_aInformation technology project management / _cKathy Schwalbe. |
| 250 | _a9th. ed. | ||
| 260 |
_aBoston : _bCengage Learning, _cc.2019. |
||
| 300 |
_a1 v. (various pagings) : _bill. (col.) ; _c24 cm. |
||
| 504 | _aIncludes bibliographical references and index. | ||
| 650 | 7 |
_aInformation technology _xManagement. _2BUEsh |
|
| 650 | 7 |
_aInformation technology projects _xManagement. _2BUEsh |
|
| 650 | 7 |
_aProject management. _2BUEsh |
|
| 651 | _2BUEsh | ||
| 653 |
_bCOMSCI _bBUSADM _cMarch2019 |
||
| 942 | _2ddc | ||